El segundo sexo

El segundo sexo no sólo ha nutrido a todo el feminismo que se ha hecho en la segunda mitad del siglo 20, sino que es el ensayo feminista más importante de esa centuria. Todo lo que se ha escrito después en el campo de la teoría feminista ha tenido que contar con esta obra, bien para continuarla en s...

Full description

Bibliographic Details
Main Author: Beauvoir, Simone de 1908-1986
Format: Libro
Language:Spanish
Published: Santiago, Chile : Debolsillo, 2018.
Series:Contemporánea
Subjects:
Online Access:

MARC

LEADER 00000nam a22000007a 4500
003 UAHC
005 20220712133422.0
008 220712s2018 cl |||| |||| 00| 0 spa d
020 |a 9789563253993 
035 |a PEDAGOGÍA 
040 |a UAHC_CL  |c UAHC_CL  |d UAHC_CL 
082 |2 21  |a 305.42  |b B386 
100 |9 5113  |a Beauvoir, Simone de  |d 1908-1986 
245 1 3 |a El segundo sexo  |c Simone de Beauvoir. 
260 |a Santiago, Chile :  |b Debolsillo,  |c 2018. 
300 |a 725 páginas. 
440 |9 2039  |a Contemporánea 
520 |a El segundo sexo no sólo ha nutrido a todo el feminismo que se ha hecho en la segunda mitad del siglo 20, sino que es el ensayo feminista más importante de esa centuria. Todo lo que se ha escrito después en el campo de la teoría feminista ha tenido que contar con esta obra, bien para continuarla en sus planteamientos y seguir desarrollándolos, bien para criticarlos oponiéndose a ellos. El segundo sexo, que es el ensayo de una filósofa existencialista, se encuadra en el ámbito más amplio de un pensamiento ilustrado que toma de la ilustración precisamente sus aspectos positivos, emancipatorios; ante todo, una concepción igualitaria de los seres humanos, según la cual la diferencia de sexos no altera su radical igualdad de condición. Al mismo tiempo, es un ensayo filosófico que analiza el hecho de la condición femenina en las sociedades occidentales desde múltiples puntos de vista: el científico, el histórico, el psicológico, el sociológico, el ontológico y el cultural. Se trata de un estudio totalizador donde se investiga el porqué de la situación en que se encuentra esa mitad de la humanidad que somos las mujeres.  
526 |a Colección de Género y Sexualidades 
650 0 |9 910  |a Feminismo 
650 0 |9 5159  |a Literatura feminista 
650 0 |9 5083  |a Mujeres  |x Condiciones sociales 
650 0 |9 5079  |a Teoría feminista 
900 |a 305.42 BEAU 
942 |2 ddc  |c BK 
952 |0 0  |1 0  |2 ddc  |4 0  |6 305_420000000000000_BEAU  |7 0  |8 BAS  |9 95431  |a BC  |b BC  |c General  |d 2022-07-12  |g 8067.00  |l 5  |m 1  |o 305.42 BEAU  |p 1471566  |q 2026-04-10  |r 2026-04-02 12:39:07  |s 2026-04-02  |t 1  |v 8067.00  |w 2022-07-12  |y BK  |z También lo encuentras en bibliografias.academia.cl  |A 157  |B LENG 
952 |0 0  |1 0  |2 ddc  |4 0  |6 305_420000000000000_BEAU  |7 0  |8 BAS  |9 95432  |a BC  |b BC  |c General  |d 2022-07-12  |g 8067.00  |l 7  |m 8  |o 305.42 BEAU  |p 1471567  |r 2026-01-14 00:00:00  |s 2024-08-27  |t 2  |v 8067.00  |w 2022-07-12  |y BK  |z También lo encuentras en bibliografias.academia.cl  |A 157  |B LENG 
999 |c 59463  |d 59463